| 000 | 01027cad a22002295a 4500 | ||
|---|---|---|---|
| 001 | E149664 | ||
| 008 | 100406s2009 xxk f 000 0 eng d | ||
| 020 | _a9780717663712 | ||
| 035 | _a(Sirsi) u149664 | ||
| 041 | 0 | _aeng | |
| 110 | 2 |
_aGreat Britain _bHealth and Safety Executive |
|
| 245 | 0 | 0 |
_aWorking alone _bhealth and safety guidance on the risks of lone working _h[electronic resource] |
| 260 |
_aSudbury _bHSE _c2009 |
||
| 520 | _aSets out advice on safety for lone workers, and offers guidance for dutyholders on complying with their legal duties towards lone workers under the Health and Safety at Work etc Act 1974 and the Management of Health and Safety at Work Regulations 1999. | ||
| 590 | _aKA | ||
| 650 | 2 | 4 | _aHEALTH AND SAFETY AT WORK ETC ACT 1974 |
| 650 | 2 | 4 | _aHEALTH AND SAFETY AT WORK REGULATIONS 1999 |
| 651 | 4 |
_aUnited Kingdom _y |
|
| 690 |
_aHealth and safety _96244 |
||
| 856 | 4 | 0 |
_uhttps://www.hse.gov.uk/pubns/indg73.pdf _zView the leaflet free of charge (PDF file) at www.hse.gov.uk |
| 942 | _n0 | ||
| 999 |
_c110591 _d110591 |
||